Dictionnaire historique, critique, Chronologique, geographique et litteral de la Bible (Record no. 152940)

MARC details
000 -LEADER
campo de control de longitud fija 01294nam a2200265 i 4500
001 - NÚMERO DE CONTROL
campo de control 152940
003 - IDENTIFICADOR DE NÚMERO DE CONTROL
campo de control ES-MaACL
005 - FECHA Y HORA DE LA ÚLTIMA TRANSACCIÓN
campo de control 20251005063120.0
008 - DATOS DE LONGITUD FIJA--INFORMACIÓN GENERAL
campo de control de longitud fija 931025s1730 fr ax |||| | fre d
040 ## - FUENTE DE CATALOGACIÓN
Centro catalogador/agencia de origen CAM
Lengua de catalogación spa
Centro/agencia transcriptor PAB
100 1# - ENTRADA PRINCIPAL--NOMBRE DE PERSONA
Nombre de persona Calmet, Augustin,
Fechas asociadas al nombre 1672-1757
9 (RLIN) 33764
245 10 - MENCIÓN DEL TÍTULO
Título Dictionnaire historique, critique, Chronologique, geographique et litteral de la Bible
Resto del título : Enrichi de plus de trois cent figures en taille-douce, qui representent les autiquez Indaique ... /
Mención de responsabilidad, etc. par ... Augustin Calmet ... ; tome troisieme.
250 ## - MENCION DE EDICION
Mención de edición Nouvelle edition reuve, Corrigée, et augmentée.
260 ## - PUBLICACIÓN, DISTRIBUCIÓN, ETC.
Lugar de publicación, distribución, etc. A Paris :
Nombre del editor, distribuidor, etc. chez Emery, a faint Benoist, Saugrain, Pere, 'a la fleur de Lys, Pierre Martin, 'a l'Eau de France,
Fecha de publicación, distribución, etc. 1730.
300 ## - DESCRIPCIÓN FÍSICA
Extensión [4], 724 p., [85] h. de grab. ;
Dimensiones fol.
595 ## -
-- Datos de ed. preceden a la mención de responsabilidad.
596 ## - NOTA AL PIE DE IMPRENTA
NOTA AL PIE DE IMPRENTA Marca tip. en port.
597 ## - NOTA DE DESCRIPCIÓN FÍSICA
NOTA DE DESCRIPCIÓN FÍSICA Sing.: A-Z2, 2A-2Z, 3A-3Z2, 4A-4Z2, 5A-5Z2, 6A-6Z\, A7-Z72, A8-V82.
597 ## - NOTA DE DESCRIPCIÓN FÍSICA
NOTA DE DESCRIPCIÓN FÍSICA Texto a dos col.
597 ## - NOTA DE DESCRIPCIÓN FÍSICA
NOTA DE DESCRIPCIÓN FÍSICA Antep.
597 ## - NOTA DE DESCRIPCIÓN FÍSICA
NOTA DE DESCRIPCIÓN FÍSICA Port. a dos tintas.
630 #0 - PUNTO DE ACCESO ADICIONAL DE MATERIA--TÍTULO UNIFORME
Título uniforme Biblia-
Subdivisión de forma Diccionarios.
9 (RLIN) 119241
852 ## - LOCALIZACIÓN
Ubicación ES-MaACL
Número de control de estantería R-76-79
Nota libre -- Enc. piel marrón grabada y con hierros dorados
Encuadernación -- Olim: C-2469-72
-- -- T300: Este ejempl. tiene 724 p.
Holdings
Estatus retirado Estado de pérdida Estado de daño No para préstamo Colección Biblioteca de origen Biblioteca actual Ubicación en estantería Fecha de adquisición Fuente de adquisición Total de préstamos Signatura topográfica completa Código de barras Visto por última vez Precio de reemplazo Tipo de ítem Koha
        Libros del s. XVIII Biblioteca del Ateneo de Madrid Biblioteca del Ateneo de Madrid Depósito 17/01/2008     R-78 1159751 23/02/2023 23/02/2023 Libro impreso antiguo